| 000 | 00956cam a2200301 a 4500 | ||
|---|---|---|---|
| 001 | 000013231 | ||
| 003 | DO-SdBNP | ||
| 005 | 20250421103744.0 | ||
| 008 | 000719s1998 ck b 001 0 spa c | ||
| 020 | _a9583600555 | ||
| 035 | _a(OCoLC)ocm40775745 | ||
| 040 |
_aDO-SdBNP _cCGU _dDLC |
||
| 042 | _apcc | ||
| 043 | _as-ck--- | ||
| 049 | _aBNGR | ||
| 082 |
_a333.31861 _bM149c |
||
| 100 | 1 |
_aMachado C., Absalón. _d1941- _930374 |
|
| 245 | 1 | 3 |
_aLa cuestión agraria en Colombia a fines del milenio / _cAbsalón Machado. |
| 260 |
_aBogotá : _bEl Áncora, _c1998. |
||
| 300 |
_a222 p. ; _c23 cm. |
||
| 504 | _aIncluye referencias bibliográficas. | ||
| 650 | 7 |
_aTenencia de la tierra _zColombia. _930375 _2LEMB |
|
| 650 | 4 |
_aReforma agraria _zColombia. _930376 |
|
| 650 | 0 |
_aAgricultura y estado _zColombia. _936241 |
|
| 650 | 4 |
_aAgricultura _xAspectos económicos _zColombia. _930378 |
|
| 910 | _aCatalogación por copia / LC | ||
| 942 |
_2ddc _cLBS1 |
||
| 999 |
_c12863 _d12863 |
||